000 00302nam a2200133Ia 4500
008 191201s2005 xx 000 0 und d
100 _aRAO, V S P
245 0 _aHuman Resource Management
250 _a2nd
260 _c2005
_bExcel Books
_aN.Delhi
300 _a709
650 _aMBA
942 _2ddc
_cBB
999 _c7241
_d7241